[Event "Titled Tuesday intern op 13th Feb Late"]
[Site "Chess.com INT"]
[Date "2024.02.13"]
[Round "5"]
[White "Narva, Triin"]
[Black "Logozar, Elijah"]
[Result "1/2-1/2"]
[WhiteElo "2095"]
[BlackElo "1910"]
[PlyCount "82"]
[EventDate "2024.02.13"]
[EventType "swiss (blitz)"]
[EventRounds "11"]
[EventCountry "USA"]
[SourceTitle "CB08_2024"]
[SourceDate "2024.02.21"]
[SourceVersion "1"]
[SourceVersionDate "2024.02.21"]
[SourceQuality "1"]

1. e4 c5 2. Nf3 d6 3. Bb5+ Nd7 4. 0-0 Ngf6 5. Re1 e6 6. c3 Be7 7. d4 cxd4 8. cxd4 0-0 9. Nc3 a6 10. Bf1 b5 11. e5 Nd5 12. Nxd5 exd5 13. e6 fxe6 14. Rxe6 Nf6 15. Re1 Ne4 16. Bd3 Bg4 17. Bxe4 dxe4 18. Rxe4 Bxf3 19. gxf3 d5 20. Rg4 Bd6 21. Bh6 Rf7 22. Kh1 Qf6 23. Qd3 Kh8 24. Be3 Qxf3+ 25. Rg2 Raf8 26. Rag1 Rf5 27. Qd1 Qh3 28. Qg4 Qxg4 29. Rxg4 g6 30. Rc1 Rh5 31. Rg2 Rf3 32. Rc6 Bf4 33. Rxa6 Bxe3 34. fxe3 Rxe3 35. Rb6 Rd3 36. Rxb5 Rxd4 37. Rb7 Rd1+ 38. Rg1 Rd2 39. Rg2 Rd1+ 40. Rg1 Rd2 41. Rg2 Rd1+ 1/2-1/2

[Event "Titled Tuesday intern op 13th Feb Late"]
[Site "Chess.com INT"]
[Date "2024.02.13"]
[Round "1"]
[White "Shuvalova, Polina"]
[Black "Logozar, Elijah"]
[Result "1-0"]
[WhiteElo "2455"]
[BlackElo "1910"]
[PlyCount "59"]
[EventDate "2024.02.13"]
[EventType "swiss (blitz)"]
[EventRounds "11"]
[EventCountry "USA"]
[SourceTitle "CB08_2024"]
[SourceDate "2024.02.21"]
[SourceVersion "1"]
[SourceVersionDate "2024.02.21"]
[SourceQuality "1"]

1. e4 c5 2. Nf3 Nc6 3. Bb5 d5 4. exd5 Qxd5 5. 0-0 Bg4 6. Nc3 Qf5 7. Bxc6+ bxc6 8. d3 Nf6 9. Re1 e6 10. Ne4 0-0-0 11. Qe2 Be7 12. Ng3 Qd5 13. Ne4 h6 14. Bf4 Qf5 15. Bg3 Nd5 16. h3 Bxf3 17. Qxf3 Qxf3 18. gxf3 f5 19. Nd2 f4 20. Bh2 g5 21. Rxe6 Bd6 22. Ne4 Kc7 23. Re1 Rhe8 24. Rxh6 Nb4 25. Re2 Nxa2 26. Kf1 Bf8 27. Rg6 Re5 28. Rxg5 Rxg5 29. Nxg5 Rd5 30. Ne6+ 1-0

[Event "Titled Tuesday intern op 18th Jan"]
[Site "Chess.com INT"]
[Date "2022.01.18"]
[Round "1"]
[White "Kosakowski, Jakub"]
[Black "Logozar, Elijah"]
[Result "1-0"]
[WhiteElo "2442"]
[BlackElo "1884"]
[PlyCount "51"]
[EventDate "2022.01.18"]
[EventType "swiss (blitz)"]
[EventRounds "11"]
[EventCountry "USA"]
[SourceTitle "CBM 206 Extra"]
[Source "ChessBase"]
[SourceDate "2022.03.31"]
[SourceVersion "1"]
[SourceVersionDate "2022.03.31"]
[SourceQuality "1"]

1. d4 d5 2. Nf3 Nf6 3. c4 c6 4. Nc3 e6 5. e3 Nbd7 6. Qc2 Bd6 7. Be2 0-0 8. 0-0 e5 9. cxd5 cxd5 10. Nb5 Bb8 11. dxe5 Nxe5 12. b3 a6 13. Nbd4 Qd6 14. Bb2 Bg4 15. Nxe5 Qxe5 16. g3 Qh5 17. Rac1 Qh3 18. Bxg4 Nxg4 19. Nf3 h5 20. Qf5 f6 21. Qxd5+ Kh8 22. Qxb7 h4 23. Qxa8 Nxh2 24. Nxh2 hxg3 25. Qg2 gxh2+ 26. Kh1 1-0

[Event "Titled Tuesday intern op 18th Jan"]
[Site "Chess.com INT"]
[Date "2022.01.18"]
[Round "3"]
[White "Logozar, Elijah"]
[Black "Cherniaiev, Tykhon"]
[Result "0-1"]
[WhiteElo "1884"]
[BlackElo "2209"]
[PlyCount "86"]
[EventDate "2022.01.18"]
[EventType "swiss (blitz)"]
[EventRounds "11"]
[EventCountry "USA"]
[SourceTitle "CBM 206 Extra"]
[Source "ChessBase"]
[SourceDate "2022.03.31"]
[SourceVersion "1"]
[SourceVersionDate "2022.03.31"]
[SourceQuality "1"]

1. e4 c5 2. Nf3 e6 3. d4 cxd4 4. Nxd4 a6 5. c4 Qc7 6. Nc3 Nf6 7. a3 Nc6 8. Be3 Be7 9. Be2 0-0 10. 0-0 Rd8 11. Rc1 b6 12. f3 Bb7 13. Nd5 exd5 14. cxd5 Bc5 15. dxc6 dxc6 16. b4 Bd6 17. h3 c5 18. Qb3 Bh2+ 19. Kh1 Bf4 20. Bxf4 Qxf4 21. Nf5 g6 22. g3 Qc7 23. bxc5 gxf5 24. cxb6 Qe5 25. Rc7 Bd5 26. Qb4 fxe4 27. f4 e3+ 28. Kh2 Qe4 29. Bf3 Qxb4 30. axb4 Bxf3 31. Rxf3 Rd2+ 32. Kg1 Rd1+ 33. Kg2 e2 34. b7 Re8 35. Re3 e1Q 36. Rxe1 Rdxe1 37. Rc8 Nd7 38. Rc7 Nb8 39. Rc8 Kf8 40. Kf3 R1e7 41. f5 Rxb7 42. Rc4 Nd7 43. g4 Ne5+ 0-1

[Event "Titled Tuesday intern op 18th Jan"]
[Site "Chess.com INT"]
[Date "2022.01.18"]
[Round "10"]
[White "Logozar, Elijah"]
[Black "Cori Tello, Deysi Estella"]
[Result "0-1"]
[WhiteElo "1884"]
[BlackElo "2406"]
[PlyCount "48"]
[EventDate "2022.01.18"]
[EventType "swiss (blitz)"]
[EventRounds "11"]
[EventCountry "USA"]
[SourceTitle "CBM 206 Extra"]
[Source "ChessBase"]
[SourceDate "2022.03.31"]
[SourceVersion "1"]
[SourceVersionDate "2022.03.31"]
[SourceQuality "1"]

1. e4 g6 2. d4 Bg7 3. Nc3 d6 4. f4 c6 5. Nf3 b5 6. e5 Qc7 7. Bd3 Nh6 8. 0-0 0-0 9. Ne4 c5 10. c3 b4 11. Nfg5 bxc3 12. bxc3 cxd4 13. cxd4 Nc6 14. Be3 Nf5 15. Bf2 Ncxd4 16. Bxd4 Nxd4 17. Qe1 dxe5 18. Qh4 h6 19. g4 Qb6 20. Kh1 Bb7 21. f5 hxg5 22. Qxg5 Qf6 23. Qe3 Rac8 24. Kg1 Qh4 0-1

[Event "Titled Tuesday intern op 18th Jan"]
[Site "Chess.com INT"]
[Date "2022.01.18"]
[Round "9"]
[White "Logozar, Elijah"]
[Black "Potapova, Margarita"]
[Result "1-0"]
[WhiteElo "1884"]
[BlackElo "2257"]
[PlyCount "53"]
[EventDate "2022.01.18"]
[EventType "swiss (blitz)"]
[EventRounds "11"]
[EventCountry "USA"]
[SourceTitle "CBM 206 Extra"]
[Source "ChessBase"]
[SourceDate "2022.03.31"]
[SourceVersion "1"]
[SourceVersionDate "2022.03.31"]
[SourceQuality "1"]

1. e4 c5 2. Nf3 d6 3. d4 cxd4 4. Nxd4 Nf6 5. Nc3 a6 6. Bc4 e6 7. Bb3 b5 8. Bg5 Be7 9. Qf3 Qc7 10. e5 Bb7 11. exd6 Bxd6 12. Qe3 0-0 13. 0-0-0 Bc5 14. Bxf6 gxf6 15. Qh6 Qe5 16. Rd3 Qg5+ 17. Qxg5+ fxg5 18. h4 g4 19. h5 e5 20. Nf5 Bxf2 21. h6 Bxg2 22. Rh2 e4 23. Rd6 Bc5 24. Rxg2 Bxd6 25. Rxg4+ Kh8 26. Nxd6 f5 27. Rg8+ 1-0

[Event "Titled Tuesday intern op 18th Jan"]
[Site "Chess.com INT"]
[Date "2022.01.18"]
[Round "2"]
[White "Logozar, Elijah"]
[Black "Winkels, Marcel"]
[Result "1-0"]
[WhiteElo "1884"]
[BlackElo "1979"]
[PlyCount "51"]
[EventDate "2022.01.18"]
[EventType "swiss (blitz)"]
[EventRounds "11"]
[EventCountry "USA"]
[SourceTitle "CBM 206 Extra"]
[Source "ChessBase"]
[SourceDate "2022.03.31"]
[SourceVersion "1"]
[SourceVersionDate "2022.03.31"]
[SourceQuality "1"]

1. e4 c5 2. Nf3 d6 3. d4 cxd4 4. Nxd4 Nf6 5. Nc3 a6 6. Bc4 e6 7. Bb3 Be7 8. g4 0-0 9. g5 Ne8 10. Rg1 Nc6 11. Be3 Nxd4 12. Qxd4 b5 13. 0-0-0 Bb7 14. f4 Qc7 15. f5 e5 16. Qd3 Rc8 17. f6 Bd8 18. fxg7 Kxg7 19. Rdf1 b4 20. Nd5 Bxd5 21. Qxd5 a5 22. h4 Kg8 23. g6 hxg6 24. Rxg6+ Kh7 25. Rh6+ Kg7 26. Rg1+ 1-0

[Event "Titled Tuesday intern op 18th Jan"]
[Site "Chess.com INT"]
[Date "2022.01.18"]
[Round "11"]
[White "Nazaretyan, Tigran"]
[Black "Logozar, Elijah"]
[Result "1-0"]
[WhiteElo "2316"]
[BlackElo "1884"]
[PlyCount "143"]
[EventDate "2022.01.18"]
[EventType "swiss (blitz)"]
[EventRounds "11"]
[EventCountry "USA"]
[SourceTitle "CBM 206 Extra"]
[Source "ChessBase"]
[SourceDate "2022.03.31"]
[SourceVersion "1"]
[SourceVersionDate "2022.03.31"]
[SourceQuality "1"]

1. d4 d5 2. c4 c6 3. Nf3 e6 4. e3 f5 5. b3 Nf6 6. Bd3 Bd6 7. 0-0 0-0 8. Ba3 Bxa3 9. Nxa3 Bd7 10. b4 Ne4 11. Qc2 Be8 12. Ne5 Nd7 13. f4 g5 14. cxd5 exd5 15. b5 Nxe5 16. fxe5 Qa5 17. Bxe4 dxe4 18. Qb3+ Kg7 19. bxc6 bxc6 20. Nc4 Qc7 21. Nd6 f4 22. exf4 gxf4 23. Qh3 Bg6 24. Qg4 c5 25. d5 Qe7 26. Nc4 h5 27. Qe2 Qg5 28. Kh1 h4 29. d6 e3 30. e6 Be4 31. e7 Rh8 32. h3 Qg3 33. Rf3 Bxf3 34. Qxf3 Qxf3 35. gxf3 Kf7 36. Rd1 Rhg8 37. Rd5 Rab8 38. Rf5+ Ke6 39. Rxf4 Rb1+ 40. Kh2 Rbg1 41. Re4+ Kd7 42. Nxe3 Re1 43. Ng4 Rxe4 44. fxe4 Kxd6 45. Nf6 Kxe7 46. Nxg8+ Ke6 47. Kg2 c4 48. Kf3 c3 49. Ke3 Ke5 50. Ne7 c2 51. Kd2 Kxe4 52. Ng6 Kf3 53. Nxh4+ Kg3 54. Nf5+ Kxh3 55. Nd4 Kg4 56. Nxc2 Kf5 57. Kc3 Ke6 58. Kb4 Kd7 59. Kb5 Kc7 60. Ka6 Kb8 61. Nb4 Ka8 62. a3 Kb8 63. Nc6+ Ka8 64. Nxa7 Kb8 65. Nb5 Ka8 66. Kb6 Kb8 67. a4 Ka8 68. a5 Kb8 69. a6 Ka8 70. Nc7+ Kb8 71. a7+ Kc8 72. a8Q+ 1-0

[Event "Titled Tuesday intern op 04th Jan"]
[Site "Chess.com INT"]
[Date "2022.01.04"]
[Round "4"]
[White "Logozar, Elijah"]
[Black "Murzin, Volodar"]
[Result "0-1"]
[WhiteElo "1884"]
[BlackElo "2519"]
[PlyCount "48"]
[EventDate "2022.01.04"]
[EventType "swiss (blitz)"]
[EventRounds "11"]
[EventCountry "USA"]
[SourceTitle "EXT 2023"]
[Source "ChessBase"]
[SourceDate "2022.10.05"]
[SourceVersion "1"]
[SourceVersionDate "2022.10.05"]
[SourceQuality "1"]

1. e4 c6 2. d4 d5 3. e5 Bf5 4. h4 h5 5. Bd3 Bxd3 6. Qxd3 Qa5+ 7. Nd2 e6 8. Ne2 Nh6 9. Ng3 g6 10. 0-0 Be7 11. Nf3 Nf5 12. Nxf5 gxf5 13. Bg5 Nd7 14. Bxe7 Kxe7 15. b4 Qb5 16. Qd2 Rag8 17. a4 Qb6 18. b5 c5 19. Rfb1 Rg4 20. a5 Qc7 21. c4 Rhg8 22. g3 dxc4 23. dxc5 Qxc5 24. Re1 Rxg3+ 0-1

[Event "Titled Tuesday intern op 04th Jan"]
[Site "Chess.com INT"]
[Date "2022.01.04"]
[Round "2"]
[White "Yushko, Olga"]
[Black "Logozar, Elijah"]
[Result "1-0"]
[WhiteElo "2064"]
[BlackElo "1884"]
[PlyCount "115"]
[EventDate "2022.01.04"]
[EventType "swiss (blitz)"]
[EventRounds "11"]
[EventCountry "USA"]
[SourceTitle "EXT 2023"]
[Source "ChessBase"]
[SourceDate "2022.10.05"]
[SourceVersion "1"]
[SourceVersionDate "2022.10.05"]
[SourceQuality "1"]

1. d4 d5 2. c4 c6 3. cxd5 cxd5 4. Nc3 Nc6 5. Nf3 Nf6 6. Bf4 Nh5 7. Bg5 f6 8. Bh4 g5 9. Bg3 g4 10. Nh4 e5 11. e3 Bb4 12. h3 Qe7 13. hxg4 exd4 14. a3 Nxg3 15. axb4 Qxb4 16. fxg3 dxc3 17. bxc3 Qxc3+ 18. Kf2 Bxg4 19. Be2 Bxe2 20. Qxe2 Ne5 21. Rhd1 Rg8 22. Rac1 Qb4 23. Rd4 Qa3 24. Rc2 Ke7 25. Nf5+ Ke6 26. g4 Nxg4+ 27. Rxg4 Kxf5 28. Qf3+ Ke6 29. Rf4 Qa1 30. Rf5 Rxg2+ 31. Kxg2 Rg8+ 32. Kf2 Qg1+ 33. Ke2 Rg2+ 34. Kd3 Rxc2 35. Kxc2 Qg6 36. e4 dxe4 37. Qxe4+ Kf7 38. Qxb7+ Kg8 39. Qb8+ Kg7 40. Qxa7+ Kh6 41. Qe3+ Kg7 42. Qe7+ Qf7 43. Qxf7+ Kxf7 44. Kd3 Kg6 45. Ke4 h5 46. Kf4 h4 47. Ra5 h3 48. Kg3 f5 49. Kxh3 Kg5 50. Kg3 Kh5 51. Kf4 Kg6 52. Rxf5 Kh6 53. Ra5 Kg7 54. Ra6 Kf7 55. Ke5 Ke7 56. Ra7+ Kd8 57. Ke6 Ke8 58. Ra8# 1-0

[Event "Titled Tuesday intern op 28th Dec"]
[Site "Chess.com INT"]
[Date "2021.12.28"]
[Round "4"]
[White "Logozar, Elijah"]
[Black "Buscar, Michael"]
[Result "1-0"]
[WhiteElo "1884"]
[BlackElo "2088"]
[PlyCount "91"]
[EventDate "2021.12.28"]
[EventType "swiss (blitz)"]
[EventRounds "11"]
[EventCountry "USA"]
[SourceTitle "CBM 206 Extra"]
[Source "ChessBase"]
[SourceDate "2022.03.31"]
[SourceVersion "1"]
[SourceVersionDate "2022.03.31"]
[SourceQuality "1"]

1. e4 c5 2. Nf3 Nc6 3. d4 cxd4 4. Nxd4 Nf6 5. Nc3 e5 6. Ndb5 h6 7. Nd5 Nxd5 8. exd5 a6 9. Nc3 Nb8 10. d6 Qb6 11. Be3 Qxd6 12. Nd5 Nc6 13. Bb6 Be7 14. Nc7+ Kf8 15. Qxd6 Bxd6 16. Nxa8 Nb4 17. Bd3 Be7 18. a3 Nc6 19. Nc7 d6 20. Nd5 Bg5 21. h4 Be7 22. 0-0-0 Be6 23. Nxe7 Kxe7 24. Be4 Rc8 25. Kb1 f5 26. Bxc6 bxc6 27. Be3 f4 28. Bc1 d5 29. g3 f3 30. Rhe1 e4 31. c4 Kf6 32. cxd5 Bxd5 33. Be3 Rb8 34. Rc1 Rb5 35. Red1 Ke6 36. Bd4 g6 37. Rc5 Rb3 38. Rdc1 Rd3 39. Be3 Rb3 40. Rxc6+ Bxc6 41. Rxc6+ Kf5 42. Kc2 Rd3 43. Rxa6 Kg4 44. Rxg6+ Kh3 45. Rxh6 Kg2 46. Re6 1-0

[Event "Titled Tuesday intern op 15th June"]
[Site "Chess.com INT"]
[Date "2021.06.15"]
[Round "5"]
[White "Demeter, Dorina"]
[Black "Logozar, Elijah"]
[Result "1-0"]
[WhiteElo "2022"]
[BlackElo "1952"]
[PlyCount "77"]
[EventDate "2021.06.15"]
[EventType "swiss (blitz)"]
[EventRounds "11"]
[EventCountry "USA"]
[SourceTitle "CBM 203 Extra"]
[Source "ChessBase"]
[SourceDate "2021.09.30"]
[SourceVersion "1"]
[SourceVersionDate "2021.09.30"]
[SourceQuality "1"]

1. Nf3 d5 2. d4 Nf6 3. c4 c6 4. Nc3 e6 5. Bg5 dxc4 6. e4 b5 7. e5 h6 8. Bh4 g5 9. Nxg5 hxg5 10. Bxg5 Nbd7 11. a4 Qb6 12. a5 Qc7 13. exf6 Ne5 14. dxe5 Qxe5+ 15. Be3 b4 16. Na4 Qxa5 17. Nb6 axb6 18. Rxa5 bxa5 19. Bb6 Bb7 20. Bxc4 Rh6 21. Qf3 Bd6 22. Bb5 Kd7 23. Ke2 Rb8 24. Ba4 Ba6+ 25. Kd2 Rxb6 26. Rc1 Bb5 27. Bxb5 cxb5 28. Qe3 Rxf6 29. Qxb6 Bf4+ 30. Kd1 Bxc1 31. Kxc1 Rf5 32. Qxa5 Kc6 33. Qa8+ Kc5 34. Qc8+ Kd4 35. Qd7+ Kc4 36. Qc6+ Rc5 37. Qe4+ Kb3+ 38. Kb1 Rd5 39. Qc2# 1-0

[Event "Titled Tuesday intern op 15th June"]
[Site "Chess.com INT"]
[Date "2021.06.15"]
[Round "9"]
[White "Rodchenkov, Sergey D"]
[Black "Logozar, Elijah"]
[Result "0-1"]
[WhiteElo "2346"]
[BlackElo "1952"]
[PlyCount "78"]
[EventDate "2021.06.15"]
[EventType "swiss (blitz)"]
[EventRounds "11"]
[EventCountry "USA"]
[SourceTitle "CBM 203 Extra"]
[Source "ChessBase"]
[SourceDate "2021.09.30"]
[SourceVersion "1"]
[SourceVersionDate "2021.09.30"]
[SourceQuality "1"]

1. Nf3 d5 2. c4 d4 3. e3 c5 4. b4 f6 5. bxc5 e5 6. exd4 exd4 7. d3 Bxc5 8. g3 Kf7 9. Bg2 Qe7+ 10. Kf1 Nc6 11. Nbd2 Bf5 12. Nb3 Re8 13. Nxc5 Qxc5 14. Rb1 Nb4 15. Ba3 Bxd3+ 16. Qxd3 Nxd3 17. Bxc5 Nxc5 18. Nxd4 b6 19. Bd5+ Kg6 20. Kg2 Ne7 21. Bf3 Rd8 22. Nb5 Nc8 23. Rhd1 h5 24. h4 a6 25. Nc3 Nd3 26. Nd5 Ne5 27. Be4+ f5 28. Bc2 Nxc4 29. Rd4 Na3 30. Rc1 Nxc2 31. Rxc2 Kh6 32. Rc6+ Kh7 33. Rd3 Ne7 34. Nxe7 Rxd3 35. Nxf5 Rf8 36. Ne3 Rd2 37. Rxb6 Rfxf2+ 38. Kg1 Rfe2 39. Nf5 Re1# 0-1

[Event "Titled Tuesday intern op 08th June"]
[Site "Chess.com INT"]
[Date "2021.06.08"]
[Round "6"]
[White "Logozar, Elijah"]
[Black "Shevtchenko, Olesya"]
[Result "0-1"]
[WhiteElo "1952"]
[BlackElo "2054"]
[PlyCount "116"]
[EventDate "2021.06.08"]
[EventType "swiss (blitz)"]
[EventRounds "11"]
[EventCountry "USA"]
[SourceTitle "CBM 202 Extra"]
[Source "ChessBase"]
[SourceDate "2021.07.31"]
[SourceVersion "1"]
[SourceVersionDate "2021.07.31"]
[SourceQuality "1"]

1. e4 e6 2. d4 d5 3. Nc3 dxe4 4. Nxe4 Nd7 5. g3 Ngf6 6. Nxf6+ Nxf6 7. Bg2 Be7 8. Nf3 0-0 9. 0-0 c5 10. dxc5 Bxc5 11. Qe2 Qc7 12. Rd1 Nd5 13. c4 Nf6 14. Bf4 Qb6 15. h3 h6 16. a3 a5 17. Be5 Be7 18. Bd4 Qc7 19. Ne5 Nd7 20. Nxd7 Bxd7 21. Be5 Qc8 22. Bd6 Bxd6 23. Rxd6 Bc6 24. Rad1 Bxg2 25. Kxg2 Qc5 26. Qd3 Rac8 27. Rd7 b6 28. Qd6 Qxc4 29. Qxb6 Rb8 30. Qxa5 Rxb2 31. Rd8 Qe4+ 32. Kg1 Rxd8 33. Qxd8+ Kh7 34. Qd3 Qxd3 35. Rxd3 Ra2 36. Kg2 Kg6 37. Kf3 Kf5 38. h4 h5 39. Rb3 e5 40. Ke3 Kg4 41. Rb4+ Kh3 42. Rb3 f5 43. Kf3 g6 44. Rc3 Kh2 45. Rb3 e4+ 46. Kf4 Rxf2+ 47. Kg5 Rf3 48. Rb2+ Kxg3 49. Kxg6 Kxh4 50. Rh2+ Kg3 51. Rxh5 e3 52. Rg5+ Kf2 53. Rh5 e2 54. Rh2+ Ke3 55. Rh1 Rf1 56. Rh8 e1Q 57. Re8+ Kf4 58. Rxe1 Rxe1 0-1

[Event "Titled Tuesday intern op 08th June"]
[Site "Chess.com INT"]
[Date "2021.06.08"]
[Round "9"]
[White "Roman, Rodrigo"]
[Black "Logozar, Elijah"]
[Result "0-1"]
[WhiteElo "2071"]
[BlackElo "1952"]
[PlyCount "24"]
[EventDate "2021.06.08"]
[EventType "swiss (blitz)"]
[EventRounds "11"]
[EventCountry "USA"]
[SourceTitle "CBM 202 Extra"]
[Source "ChessBase"]
[SourceDate "2021.07.31"]
[SourceVersion "1"]
[SourceVersionDate "2021.07.31"]
[SourceQuality "1"]

1. Nf3 d5 2. g3 Nc6 3. Bg2 e5 4. 0-0 e4 5. Ne1 h5 6. h4 g5 7. hxg5 h4 8. d3 hxg3 9. fxg3 Bc5+ 10. e3 Qxg5 11. d4 Bd6 12. Rf4 Qxg3 0-1

[Event "Titled Tuesday intern op 08th June"]
[Site "Chess.com INT"]
[Date "2021.06.08"]
[Round "2"]
[White "Yashas, Devappa"]
[Black "Logozar, Elijah"]
[Result "1-0"]
[WhiteElo "2308"]
[BlackElo "1952"]
[PlyCount "71"]
[EventDate "2021.06.08"]
[EventType "swiss (blitz)"]
[EventRounds "11"]
[EventCountry "USA"]
[SourceTitle "CBM 202 Extra"]
[Source "ChessBase"]
[SourceDate "2021.07.31"]
[SourceVersion "1"]
[SourceVersionDate "2021.07.31"]
[SourceQuality "1"]

1. b3 e5 2. Bb2 Nc6 3. e3 d5 4. Bb5 Bd6 5. Nf3 Qe7 6. c4 dxc4 7. bxc4 Nf6 8. c5 Bxc5 9. Nxe5 0-0 10. Nxc6 bxc6 11. Be2 Rb8 12. Qc1 Bf5 13. 0-0 Ne4 14. Nc3 Bd6 15. Nxe4 Bxe4 16. d3 Bxg2 17. Kxg2 Qg5+ 18. Kh1 Bxh2 19. Qc3 Rxb2 20. Qxb2 Be5 21. d4 Qh4+ 22. Kg2 Qh2+ 23. Kf3 Qh3+ 24. Ke4 Bd6 25. Kd3 f5 26. Qb3+ Kh8 27. Rh1 Qg2 28. Qe6 Qxf2 29. Qg6 h6 30. Rag1 Be5 31. Rxh6+ Kg8 32. Qe6+ Rf7 33. Rhg6 Bf6 34. Rxf6 Qxg1 35. Qxf7+ Kh7 36. Rxf5 1-0

[Event "Titled Tuesday intern op 16th Feb"]
[Site "Chess.com INT"]
[Date "2021.02.16"]
[Round "3"]
[White "Kalashian, David"]
[Black "Logozar, Elijah"]
[Result "1-0"]
[WhiteElo "2398"]
[BlackElo "1952"]
[PlyCount "103"]
[EventDate "2021.02.16"]
[EventType "swiss (blitz)"]
[EventRounds "11"]
[EventCountry "USA"]
[SourceTitle "EXT 2022"]
[Source "ChessBase"]
[SourceDate "2021.10.06"]
[SourceVersion "1"]
[SourceVersionDate "2021.10.06"]
[SourceQuality "1"]

1. d4 Nf6 2. c4 e5 3. dxe5 Ne4 4. Nf3 Nc6 5. Nbd2 Bb4 6. a3 Bxd2+ 7. Bxd2 Nxd2 8. Qxd2 0-0 9. e3 Re8 10. Be2 Qe7 11. Qc3 Nxe5 12. Nxe5 Qxe5 13. Qxe5 Rxe5 14. 0-0-0 d6 15. Bf3 Be6 16. Bxb7 Rb8 17. Bd5 Bxd5 18. Rxd5 Rxd5 19. cxd5 Rb5 20. Rd1 f5 21. Rd4 a5 22. Rc4 Rxd5 23. Rxc7 h6 24. Rb7 Rc5+ 25. Kd2 g5 26. a4 Rc4 27. b3 Rh4 28. h3 g4 29. hxg4 fxg4 30. g3 Rh2 31. Ke2 h5 32. Rb5 Kg7 33. Rxa5 Kf6 34. Ra8 h4 35. gxh4 g3 36. Rf8+ Ke7 37. Rf3 gxf2 38. Rxf2 Rxh4 39. Kd3 d5 40. Rf4 Rh1 41. Kc3 Kd6 42. Rf6+ Ke5 43. Rf8 Rc1+ 44. Kb4 Ke4 45. Re8+ Kd3 46. Re5 Rc8 47. Rxd5+ Kxe3 48. a5 Ke4 49. Rd7 Rb8+ 50. Ka4 Ke5 51. b4 Ke6 52. Rd1 1-0

[Event "Titled Tuesday intern op 09th Feb"]
[Site "Chess.com INT"]
[Date "2021.02.09"]
[Round "4"]
[White "Logozar, Elijah"]
[Black "Jogstad, Daniel"]
[Result "1-0"]
[WhiteElo "1952"]
[BlackElo "2173"]
[PlyCount "65"]
[EventDate "2021.02.09"]
[EventType "swiss (blitz)"]
[EventRounds "11"]
[EventCountry "USA"]
[SourceTitle "EXT 2022"]
[Source "ChessBase"]
[SourceDate "2021.10.06"]
[SourceVersion "1"]
[SourceVersionDate "2021.10.06"]
[SourceQuality "1"]

1. e4 c5 2. Nf3 e6 3. d4 cxd4 4. Nxd4 Nf6 5. Nc3 d6 6. Be2 Be7 7. 0-0 0-0 8. f4 Nc6 9. Be3 Bd7 10. Qe1 Nxd4 11. Bxd4 Bc6 12. Qg3 g6 13. Bd3 Nh5 14. Qg4 Nxf4 15. Qxf4 e5 16. Qe3 Bg5 17. Qf2 exd4 18. Qxd4 Qb6 19. Qxb6 axb6 20. Rf3 f5 21. Rg3 Bf6 22. exf5 Bd4+ 23. Kh1 Bxc3 24. bxc3 Kg7 25. fxg6 h6 26. h4 Rf2 27. Re1 Rxa2 28. Re7+ Kg8 29. g7 Ra1+ 30. Kh2 Rd2 31. Bh7+ Kxh7 32. g8B+ Kh8 33. Rh7# 1-0

[Event "Titled Tuesday intern op 09th Feb"]
[Site "Chess.com INT"]
[Date "2021.02.09"]
[Round "2"]
[White "Logozar, Elijah"]
[Black "Zaichenko, Daria"]
[Result "1-0"]
[WhiteElo "1952"]
[BlackElo "2104"]
[PlyCount "61"]
[EventDate "2021.02.09"]
[EventType "swiss (blitz)"]
[EventRounds "11"]
[EventCountry "USA"]
[SourceTitle "EXT 2022"]
[Source "ChessBase"]
[SourceDate "2021.10.06"]
[SourceVersion "1"]
[SourceVersionDate "2021.10.06"]
[SourceQuality "1"]

1. e4 c5 2. Nf3 Nc6 3. d4 cxd4 4. Nxd4 d6 5. c4 Nf6 6. Nc3 e5 7. Nc2 Be7 8. Be2 0-0 9. 0-0 a6 10. Be3 Be6 11. f3 Nd7 12. Nd5 f5 13. Qd2 Nc5 14. b4 Nd7 15. Rfd1 fxe4 16. fxe4 Nf6 17. Bb6 Qd7 18. Nxe7+ Qxe7 19. Qxd6 Nxe4 20. Qxe7 Nxe7 21. Bf3 Nc3 22. Rd3 Na4 23. c5 Bf5 24. Rd2 e4 25. Be2 Nxb6 26. cxb6 Nc6 27. Rad1 Rae8 28. Ne3 Nxb4 29. Nxf5 Rxf5 30. Rd7 Rf7 31. Bc4 1-0

[Event "Titled Tuesday intern op 09th Feb"]
[Site "Chess.com INT"]
[Date "2021.02.09"]
[Round "5"]
[White "Real de Azua, Ernesto"]
[Black "Logozar, Elijah"]
[Result "1-0"]
[WhiteElo "2440"]
[BlackElo "1952"]
[PlyCount "101"]
[EventDate "2021.02.09"]
[EventType "swiss (blitz)"]
[EventRounds "11"]
[EventCountry "USA"]
[SourceTitle "EXT 2022"]
[Source "ChessBase"]
[SourceDate "2021.10.06"]
[SourceVersion "1"]
[SourceVersionDate "2021.10.06"]
[SourceQuality "1"]

1. Nf3 c6 2. e4 d5 3. d3 g6 4. Nbd2 Bg7 5. d4 Bg4 6. e5 e6 7. h3 Bxf3 8. Nxf3 c5 9. c3 Nc6 10. Be3 c4 11. h4 h5 12. g3 b5 13. Ng5 Nge7 14. Bh3 Nf5 15. Bxf5 exf5 16. e6 fxe6 17. Nxe6 Qe7 18. Nf4 Qe4 19. 0-0 Kf7 20. Re1 Qe7 21. Nxd5 Qd6 22. Qf3 Rad8 23. Nf4 Ne7 24. Nh3 Qd5 25. Ng5+ Kg8 26. Qf4 Bf6 27. a4 b4 28. Qc7 Rd7 29. Qb8+ Kg7 30. Qxb4 Nc6 31. Qb5 Rb8 32. Qxd5 Rxd5 33. Re2 Na5 34. Bf4 Rb7 35. Ne6+ Kf7 36. Nc5 Re7 37. Rae1 Rxe2 38. Rxe2 Be7 39. Ne6 Rd7 40. Bg5 Nc6 41. Bxe7 Rxe7 42. Ng5+ Kf6 43. Rxe7 Nxe7 44. Nf3 Nd5 45. Ne5 Nb6 46. a5 Na4 47. Nxc4 Ke6 48. Kf1 Kd5 49. Ne3+ Ke4 50. Ke2 f4 51. f3# 1-0

[Event "Titled Tuesday intern op 27th Oct"]
[Site "Chess.com INT"]
[Date "2020.10.27"]
[Round "4"]
[White "Djordjevic, Dejan N"]
[Black "Logozar, Elijah"]
[Result "1-0"]
[WhiteElo "2166"]
[BlackElo "2036"]
[PlyCount "73"]
[EventDate "2020.10.27"]
[EventType "swiss (blitz)"]
[EventRounds "11"]
[EventCountry "USA"]
[SourceTitle "CBM 199 Extra"]
[Source "ChessBase"]
[SourceDate "2021.01.31"]
[SourceVersion "1"]
[SourceVersionDate "2021.01.31"]
[SourceQuality "1"]

1. e4 e5 2. Nf3 Nc6 3. Bc4 Nf6 4. d3 Bc5 5. c3 a6 6. 0-0 d6 7. a4 Ba7 8. Nbd2 0-0 9. Re1 Ng4 10. Re2 Kh8 11. h3 f5 12. exf5 Nh6 13. g4 Nxf5 14. gxf5 Bxf5 15. Kh2 Qf6 16. Bd5 Ne7 17. Be4 d5 18. Bxf5 Qxf5 19. Qg1 Ng6 20. Qg4 Qf6 21. d4 e4 22. Ng1 Nf4 23. Re3 Rf7 24. f3 h5 25. Qg3 h4 26. Qg4 Ne6 27. Kh1 c5 28. fxe4 cxd4 29. Rf3 Qe7 30. Qh5+ Kg8 31. Rxf7 Qxf7 32. Qxf7+ Kxf7 33. exd5 Nf4 34. Ndf3 Nd3 35. cxd4 Rc8 36. Ne5+ Nxe5 37. dxe5 1-0